| 000 -ლიდერი |
| ფიქსირებული სიგრძის საკონტროლო ველი |
01311nam a22002417a 4500 |
| 003 - საკონტროლო ნომრის იდენტიფიკატორი |
| საკონტროლო ველი |
Ge_BSU |
| 005 - ბოლო ოპერაციის თარიღი და დრო |
| საკონტროლო ველი |
20220610110407.0 |
| 008 - ფიქსირებული სიგრძის მონაცემთა ელემენტები - ზოგადი ინფორმაცია |
| ფიქსირებული სიგრძის საკონტროლო ველი |
220610s2017 ge ||||| |||| 00| 0 geo d |
| 020 ## - წიგნის საერთაშორისო სტანდარტული ნომერი |
| International Standard Book Number |
9789941096174 |
| 041 ## - ენის კოდი |
| Language code of text/sound track or separate title |
geo |
| 080 ## - უნივერსალური ათობითი კლასიფიკაციის ინდექსი |
| Universal Decimal Classification number |
336.763 მ-86 |
| 100 ## - მთავარი ჩანაწერი - პიროვნების სახელი |
| Personal name |
მოსიაშვილი, ვალერი |
| 9 (RLIN) |
13903 |
| 245 ## - ცნობა სათაურის შესახებ |
| Title |
ფინანსური ინსტიტუტები და ბაზრები = Financial Institutions and markets = Финансовые Институты и Рынки / |
| Statement of responsibility, etc |
ვალერი მოსიაშვილი, მედეა ჭელიძე, ნინო ხიდირბეგიშვილი ; მეცნიერ-რედაქტორი გიორგი ცაავა |
| 264 ## - წარმოების, გამოცემის, დისტრიბუციის და სხვა ცნობები |
| გამოცემის, წარმოების, დისტრიბუციის... ადგილი |
თბილისი, |
| გამოცემის, წარმოების, დისტრიბუციის... თარიღი |
2017. |
| 300 ## - ფიზიკური აღწერა |
| Extent |
460 გვ. |
| Other physical details |
30 სმ. |
| 504 ## - BIBLIOGRAPHY, ETC. NOTE |
| Bibliography, etc |
ბიბლიოგრ. გვ. 455-457 |
| 653 ## - INDEX TERM--UNCONTROLLED |
| Uncontrolled term |
ფინანსური ბაზარი |
| 653 ## - INDEX TERM--UNCONTROLLED |
| Uncontrolled term |
ეკონომიკა |
| 700 ## - ADDED ENTRY--PERSONAL NAME |
| Personal name |
ჭელიძე, მედეა |
| Relator term |
ავტორი |
| 9 (RLIN) |
14029 |
| 700 ## - ADDED ENTRY--PERSONAL NAME |
| Personal name |
ხიდირბეგიშვილი, ნინო |
| Relator term |
ავტორი |
| 9 (RLIN) |
14030 |
| 700 ## - ADDED ENTRY--PERSONAL NAME |
| Personal name |
ცაავა, გიორგი |
| Relator term |
მეცნიერ-რედაქტორი |
| 9 (RLIN) |
13902 |
| 942 ## - ADDED ENTRY ELEMENTS (KOHA) |
| Source of classification or shelving scheme |
|
| Koha item type |
წიგნი |